El turbante blanco : (Registro nro. 14853)

Detalles MARC
000 -LEADER
fixed length control field 01419nam a2200337 a 4500
001 - CONTROL NUMBER
control field 000021141
003 - CONTROL NUMBER IDENTIFIER
control field DO-SdBPM
005 - DATE AND TIME OF LATEST TRANSACTION
control field 20241111082811.0
008 - FIXED-LENGTH DATA ELEMENTS--GENERAL INFORMATION
fixed length control field 100901t1982 dr ac 001 0 spa d
040 ## - CATALOGING SOURCE
Original cataloging agency DO-SdBPM
Language of cataloging spa
Transcribing agency BPMSU
082 ## - DEWEY DECIMAL CLASSIFICATION NUMBER
Classification number 302.072
Item number R696t 1982
Edition number 22
100 1# - MAIN ENTRY--PERSONAL NAME
Personal name Rodríguez Velez, Wendalina
245 13 - TITLE STATEMENT
Title El turbante blanco :
Remainder of title muertos, santos y vivos en lucha política /
Statement of responsibility, etc. Wendalina Rodríguez Vélez ; prólogo Euribíades Concepción Reynoso ; cuidado de edición José Chez Checo, Clara Leyla Alfonso.
260 ## - PUBLICATION, DISTRIBUTION, ETC. (IMPRINT)
Place of publication, distribution, etc. Santo Domingo :
Name of publisher, distributor, etc. Museo del Hombre Dominicano,
Date of publication, distribution, etc. 1982.
300 ## - PHYSICAL DESCRIPTION
Extent 402 p. :
Other physical details il., retrs. ;
Dimensions 23 cm.
490 0# - SERIES STATEMENT
Series statement Investigaciones antropológicas
504 ## - BIBLIOGRAPHY, ETC. NOTE
Bibliography, etc Incluye bibliografía y notas al pie de páginas.
504 ## - BIBLIOGRAPHY, ETC. NOTE
Bibliography, etc Bibliografía : p.399-402.
590 ## - LOCAL NOTE (RLIN)
Local note Inventariado, 2024/VM
650 #4 - SUBJECT ADDED ENTRY--TOPICAL TERM
Topical term or geographic name as entry element Antropología cultural
General subdivision Investigaciones
Geographic subdivision República Dominicana
650 #4 - SUBJECT ADDED ENTRY--TOPICAL TERM
Topical term or geographic name as entry element Culturas tradicionales
Geographic subdivision República Dominicana
650 #4 - SUBJECT ADDED ENTRY--TOPICAL TERM
Topical term or geographic name as entry element Folclor
Geographic subdivision República Dominicana
651 #4 - SUBJECT ADDED ENTRY--GEOGRAPHIC NAME
Geographic name República Dominicana
General subdivision Vida Social Y Costumbres
651 #4 - SUBJECT ADDED ENTRY--GEOGRAPHIC NAME
Geographic name República Dominicana
General subdivision Vida Religiosa Y Costumbres
700 1# - ADDED ENTRY--PERSONAL NAME
Personal name Concepción Reynoso, Euribíades,
Relator term prólogo
700 1# - ADDED ENTRY--PERSONAL NAME
Personal name Chez Checo, José,
Dates associated with a name 1949-
Relator term editor
700 1# - ADDED ENTRY--PERSONAL NAME
Personal name Alfonso, Clara Leyla,
Relator term editor
710 2# - ADDED ENTRY--CORPORATE NAME
Corporate name or jurisdiction name as entry element Museo del Hombre Dominicano
910 ## - USER-OPTION DATA (OCLC)
User-option data VMateo V. Control de calidad BPMSU
942 ## - ADDED ENTRY ELEMENTS (KOHA)
Source of classification or shelving scheme Dewey Decimal Classification
Koha item type Libros
Existencias
Withdrawn status Lost status Source of classification or shelving scheme Damaged status Not for loan Collection code Home library Current library Date acquired Total Checkouts Full call number Barcode Date last seen Price effective from Koha item type
    Dewey Decimal Classification     Colección Dominicana Biblioteca Pública Metropolitana Salomé Ureña Biblioteca Pública Metropolitana Salomé Ureña 11/11/2024   BPMSU CD 302.072 R696t 1982 BPMSU24110017 11/11/2024 11/11/2024 Libros